Portuguese : (Record no. 172)

MARC details
000 -LEADER
fixed length control field 01386cam a22003854a 4500
001 - CONTROL NUMBER
control field 13113019
005 - DATE AND TIME OF LATEST TRANSACTION
control field 20200421093821.0
008 - FIXED-LENGTH DATA ELEMENTS--GENERAL INFORMATION
fixed length control field 030306s2003 enk b 001 0 eng
010 ## - LIBRARY OF CONGRESS CONTROL NUMBER
LC control number 2003005266
015 ## - NATIONAL BIBLIOGRAPHY NUMBER
National bibliography number GBA3-W6822
020 ## - INTERNATIONAL STANDARD BOOK NUMBER
International Standard Book Number 0415308178 (pbk.)
020 ## - INTERNATIONAL STANDARD BOOK NUMBER
International Standard Book Number 041530816X (hardback)
035 ## - SYSTEM CONTROL NUMBER
System control number (OCoLC)ocm51855492
040 ## - CATALOGING SOURCE
Original cataloging agency DLC
Transcribing agency DLC
Modifying agency UKM
-- C#P
-- BAKER
-- NLGGC
-- DLC
041 0# - LANGUAGE CODE
Language code of text/sound track or separate title engpor
042 ## - AUTHENTICATION CODE
Authentication code pcc
050 00 - LIBRARY OF CONGRESS CALL NUMBER
Classification number PC5067.3
Item number .H88 2003
082 00 - DEWEY DECIMAL CLASSIFICATION NUMBER
Classification number 469.82/421
Edition information 21
084 ## - OTHER CLASSIFICATION NUMBER
Classification number 18.36
Number source bcl
100 1# - MAIN ENTRY--PERSONAL NAME
Personal name Hutchinson, Amélia P.,
Dates associated with a name 1949-
9 (RLIN) 854
245 10 - TITLE STATEMENT
Title Portuguese :
Remainder of title an essential grammar /
Statement of responsibility, etc. Amélia P. Hutchinson and Janet Lloyd.
250 ## - EDITION STATEMENT
Edition statement 2nd ed.
260 ## - PUBLICATION, DISTRIBUTION, ETC.
Place of publication, distribution, etc. New York :
Name of publisher, distributor, etc. Routledge,
Date of publication, distribution, etc. 2003.
300 ## - PHYSICAL DESCRIPTION
Extent xx, 262 p. ;
Dimensions 25 cm.
490 1# - SERIES STATEMENT
Series statement Routledge essential grammars
504 ## - BIBLIOGRAPHY, ETC. NOTE
Bibliography, etc. note Includes bibliographical references (p. 253-254) and index.
650 #0 - SUBJECT ADDED ENTRY--TOPICAL TERM
Topical term or geographic name entry element Portuguese language
General subdivision Grammar.
9 (RLIN) 855
650 #0 - SUBJECT ADDED ENTRY--TOPICAL TERM
Topical term or geographic name entry element Portuguese language
Form subdivision Textbooks for foreign speakers
General subdivision English.
700 1# - ADDED ENTRY--PERSONAL NAME
Personal name Lloyd, Janet,
Dates associated with a name 1968-
9 (RLIN) 291
830 #0 - SERIES ADDED ENTRY--UNIFORM TITLE
Uniform title Essential grammar.
9 (RLIN) 292
856 42 - ELECTRONIC LOCATION AND ACCESS
Materials specified Publisher description
Uniform Resource Identifier <a href="http://www.loc.gov/catdir/enhancements/fy0664/2003005266-d.html">http://www.loc.gov/catdir/enhancements/fy0664/2003005266-d.html</a>
906 ## - LOCAL DATA ELEMENT F, LDF (RLIN)
a 7
b cbc
c orignew
d 1
e ecip
f 20
g y-gencatlg
942 ## - ADDED ENTRY ELEMENTS (KOHA)
Source of classification or shelving scheme Dewey Decimal Classification
Koha item type Books
Holdings
Withdrawn status Lost status Damaged status Not for loan Collection Home library Current library Shelving location Date acquired Barcode Date last seen Price effective from Koha item type
        Reference Centerville Centerville General stacks 09/04/2014 39999000007237 09/04/2014 09/04/2014 Books